000 00617nas a2200229 4500
001 BR9600041
003 BR-BrBNA
005 20231205095643.0
007 ta
008 230509b bl.|||p| |||| 00| 00por d
040 _aBR-BrBNA
_bpor
_cBiblioteca Nacional de Agricultura
041 _a(Pt)
072 _aL73
100 1 _aAnon.
245 1 _aEspiroquetose
650 _aFrango
650 _aEspiroquetose
650 _aDoenca Animal
773 0 _tAgricultura e Pecuaria (Brazil)
_xISSN 0100-249X
_g(Sep 1974), no. 593 p. 12-13
_wBR9600041
909 _a202311
_bLúcia
_c55
_dLúcia Elande
942 _2AGRIS
_n0
_cANA
999 _c151940
_d151940